| 000 | 00699nam a22001937a 4500 | ||
|---|---|---|---|
| 999 |
_c7991 _d7991 |
||
| 003 | AR-CdUCM | ||
| 008 | 190321b ||||| |||| 00| 0 spa d | ||
| 040 |
_aMUNICIPALIDAD PROVINCIAL DEL CUSCO _cBIBLIOTECA MUNICIPAL DEL CUSCO |
||
| 082 |
_a513 / _bP73 |
||
| 100 |
_aPogorélov, A. V. _922576 |
||
| 245 | _aGeometría elemental / | ||
| 260 |
_aMoscú : _bMir, _c1974. |
||
| 300 |
_a224 paginas ; _c21 cm. |
||
| 505 | _aContenido :Planimetria -- Propiedades fundamentales de las figuras geométricas elementales -- Ángulos -- Triángulos rectángulos -- Ángulos entre rectas y planos ... | ||
| 650 |
_aGeometría _918656 |
||
| 650 |
_aTrigonometría _919779 |
||
| 942 |
_2ddc _cLIBROS |
||
| 945 | _arum | ||